Inseln mit Anfangsbuchstabe E - Statistiken

Allgemein
  • Dieses Quiz wurde 31 mal gespielt
  • Das Durchschnittsergebnis liegt bei 3 aus 7
Antwortstatistiken
Hinweise Antwort % Korrekt
Auf der größten Insel der Toskana hielt es Napoleon nicht lange aus. Das sehen viele Touristen heute anders. Elba
100%
Durch das Voranstellen des spanischen Artikels fängt die westlichste Kanareninsel mit "E" an. Ebenso endemische Eidechsen. El Hierro
79%
Den Namen der zweitgrößten griechischen Insel kann man frei mit "Land der wohlgenährten Rinder" übersetzen. Euböa
59%
Für viele Einwanderer war diese Insel in der Upper New York Bay das erste, das sie von der Neuen Welt sahen. Gehört streng genommen zu New Jersey. Ellis Island
45%
Die größte Insel mit "E", drittgrößte Kanadas, zehntgrößte der Welt. Nur 769 km bis zum Nordpol. Ellesmere Island
34%
Mit "E" beginnt sowohl die Insel, auf der Vanuatus Hauptstadt Port Vila liegt, als auch die größte Insel des Landes. Efate, Espiritu Santo
10%
Auf der schottischen Insel mit "singendem" Sand kann man die Massacre Cave besichtigen, die an die Ermordung aller Inselbewohner erinnert. Eigg
3%
Keine übereinstimmenden Quizze gefunden
Verteilung der Resultate
Anzahl Personen mit jedem Resultat
Perzentil nach korrekt beantworteten Fragen
Ihre Resultats-Entwicklung
Sie haben dieses Quiz noch nicht gespielt